00989nab a22002177a 4500003000400000005001700004008004100021040000700062100002900069245009000098260007200188300001500260500003800275505015400313505008900467650002000556650002400576650001700600650002100617773013300638OSt20260114013426.0190605e xxu||||| |||| 00| 0 spa d cPJ aPose, Lucía Verónica13aEl derecho del trabajador a expresar su opinión gremial /cLucía Verónica Pose. aCiudad Autónoma de Buenos Aires :bThomson Reuters La Ley,c2024. ap. 125-126 aCita: TR LALEY AR/DOC/266/2024.  aFallo comentado: SC Mendoza, sala II ~ 30/08/2023 ~ Concha, Francisco Javier c. Bodega Argento S.A. s/ despido s/ recurso extraordinario provincial. t¿Te interesa el texto completo? Solicitalo al correo: koha@justierradelfuego.gov.ar 0aDERECHO LABORAL 0aCONTRATO DE TRABAJO 0aREMUNERACION 0aMEDICINA PREPAGA0 02711dCiudad Autónoma de Buenos Aires : Thomson Reuters La Ley, 1999-2002.tRevista de derecho del trabajo. Nº 2 - Marzo 2024